| 000 | 01061nam a2200265 a 4500 | ||
|---|---|---|---|
| 001 | BRCA_4297 | ||
| 005 | 20190320204622.0 | ||
| 008 | 960118r18591973mx-ah####b---#000-0#spa-d | ||
| 041 | _aspa | ||
| 044 | _amx | ||
| 050 | 4 |
_aF1213 _b.S27 1973 |
|
| 100 | 1 |
_aSartorius, Carl Christian _d1796-1872 _911050 |
|
| 245 | 1 | 0 |
_aMéxico y los mexicanos _cC. Sartorius ; con 18 ilustraciones por M. Rugendas ; versión, selección y notas de Marita Martínez del Rio de Redo ; prefacio de Edmundo O´Gorman. |
| 260 |
_aMéxico _bSan Angel _c1973 |
||
| 300 |
_a71 p. _bil., 18 láminas _c43 cm. |
||
| 500 | _aFacsímil de: México y los mexicanos. Londres, 1859 | ||
| 500 | _aPor su formato NO se presta a domicilio | ||
| 650 | 1 | 4 |
_aEtnología _ySiglo XIX _zMéxico _911051 |
| 651 | 4 |
_aMéxico _xDescripción y viajes _ySiglo XIX _911052 |
|
| 651 | 4 |
_aMéxico _xVida social y costumbres _ySiglo XIX _911053 |
|
| 700 | 1 |
_aRugendas, Johann Moritz _d1802-1858 _9795 |
|
| 700 | 1 |
_aMartínez del Río de Redo, Marita _92571 |
|
| 700 | 1 |
_aO´Gorman, Edmundo _911054 |
|
| 942 |
_2lcc _cB |
||
| 999 |
_c4008 _d4008 |
||